000 nam a22 7a 4500
999 _c7367
_d7367
008 170818b xxu||||| |||| 00| 0 eng d
100 _aSahoo Reeta
_93902
245 _aInformatics Practices
260 _aNew delhi
_bNew saraswathi house
_c2016